000 01539nam a22002057a 4500
005 20250530115946.0
008 250418b |||||||| |||| 00| 0 eng d
020 _a9781009367950
040 _aSDCL
_cSDCL
041 _2eng
_aeng
084 _aV2,k,L R3
100 _aEhrlich, Joshua
_9751863
245 _aThe East India company and the politics of knowledge
260 _aNew Delhi :
_bCambridge University Press,
_c2023.
300 _axi, 243p.
520 _aThe East India Company is remembered as the world's most powerful, not to say notorious, corporation. But for many of its advocates from the 1770s to the 1850s it was also the world's most enlightened one. Joshua Ehrlich reveals that a commitment to knowledge was integral to the Company's ideology. He shows how the Company cited this commitment in defense of its increasingly fraught union of commercial and political power. He moves beyond studies of orientalism, colonial knowledge, and information with a new approach: the history of ideas of knowledge. He recovers a world of debate among the Company's officials and interlocutors, Indian and European, on the political uses of knowledge. Not only were these historical actors highly articulate on the subject but their ideas continue to resonate in the present. Knowledge was a fixture in the politics of the Company – just as it seems to be becoming a fixture in today's politics.
650 _aHistory / Asia / General
_9784144
650 _aHistory / Asia / South / General
_9811150
942 _2CC
_cTEXL
_n0
999 _c1309137
_d1309137